Wings Of Fire Animus Objects. - Statistics

General Stats
  • This quiz has been taken 68 times
  • The average score is 6 of 13
Answer Stats
Question Answer % Correct
This was enchanted to kill all seawing heirs for the throne. A Statue
82%
Enchanted by Darkstalker to use Animus magic without losing his soul. A Scroll
80%
This is enchanted to multiply whatever's inside. Enchanted by turtle. A Bowl
71%
Chose who would be the Sandwing queen. The Eye Of Onyx
69%
Stopped Non-Icewings entering the ice kingdom. The Great Ice Cliff
67%
Object enchanted Darkstalker to keep Clearsight warm. A Blanket
60%
Allows users to spy on whoever they choose The Obsidian Mirror
47%
Enchanted to visit dragons you have seen in their dreams. Dreamvisitors
40%
This gift bestowed hierarchy upon the Icewings. The Gift Of Order
33%
Makes the wearer invisible. Not an Icewings gift. A Necklace
16%
Object enchanted to find whatever its ordered to. Piece of Coral.
16%
This Object made insane Icewings queens to sane Icewings queens. Diamond Ring
0%
The name of the Animus gift made by Caribou where you can always grab a seal from inside. The Gift of Substinence
0%
No matching quizzes found
Score Distribution
Percent of People with Each Score
Percentile by Number Answered
Your Score History
You have not taken this quiz